00361nam a2200109Ia 4500008004100000082001600041100001300057245009800070260002900168300000800197650004600205191201s2019 xx 000 0 und d a612.015 RAB aRAJE, VN 0aBiochemistry and clinical pathology for 1st Year Diploma in pharmacy (0808) Strictly based on bCBS pubaNew Delhic2019 a179 aApplied Biochemistry & Clinical Chemistry